000 00462 a2200145 4500
999 _c10521
_d10521
020 _a9781365659683
050 _aKF 3869 MCK 2017
100 _aMckenzie , Mckenzie
_eauthor
245 _aUnderstanding the fundamentals of law (the beginners guide) /
_cMcKenzie McKenzie
264 _a Place of publication not identified] :
_b [Lulu.com],
_c2017
300 _a66p. :
500 _aincludes author's biography
650 _alaw
942 _2lcc
_cBK
_h3869
_iMCK
_kKF